[Event "EU-ch 8th"]
[Site "Dresden"]
[Date "2007.04.11"]
[Round "8"]
[White "Tiviakov, Sergei"]
[Black "Murariu, Andrei"]
[Result "1-0"]
[WhiteElo "2663"]
[BlackElo "2498"]
[Annotator "Tiviakov,S"]
[PlyCount "127"]
[EventDate "2007.04.03"]
[EventType "swiss"]
[EventRounds "11"]
[EventCountry "GER"]
[SourceTitle "CBM 118"]
[Source "ChessBase"]
[SourceDate "2007.05.31"]
[SourceVersion "1"]
[SourceVersionDate "2007.05.31"]
[SourceQuality "1"]

{After having won the game against Ovetchkin (although going through a much
worse position) I decided to try this variation one more time, now with White.
Luckily for me there were no bulletins at the European Championship in Dresden
and there was no Internet for the players. That's why I and most of the chess
players were not able to to look at the games of our opponents just played
there. And my opponent in the current game - Murariu - was unaware of my game
from the 3rd round. Otherwise he would have chosen another line.} 1. e4 c5 2.
Nf3 Nc6 3. Bb5 d6 4. Bxc6+ bxc6 5. O-O e5 6. c3 f5 $6 7. exf5 $1 Bxf5 8. d4
cxd4 9. cxd4 e4 10. Qc2 $1 Rc8 11. Ng5 Nf6 $5 $146 {Playing differently... but
the question remains open whether this move is stronger than 11...Ne7.} 12. Nc3
({This move may be less accurate than 12.f3, since 12.Nc3 gives Black the
possibility to sacrifice the pawn e4, finishing the development, castling by
12...Qd7. But after} 12. f3 $5 {Black gets another possibility:} Qb6 {and
that's what I wanted to avoid, knowing that to sacrifice a pawn is not always
easy. After} (12... d5 13. Nc3 {- 12.Nc3}) 13. Qd2 exf3 14. Rxf3 $36 {White
has a very strong initiative.}) 12... d5 (12... Qd7 {was, probably, better.
After} 13. Qe2 (13. f3 exf3 14. Qb3 d5 15. Nxf3 Bd6 $14) 13... Be7 14. Ncxe4
Nxe4 15. Nxe4 O-O $14 {White is better, but Black can hope for a successful
defence.}) 13. f3 {Now Black's centre is attacked and he has to solve some
serious problems.} Bg6 (13... Qd7 $5 {was an alternative to the text. After}
14. fxe4 ({or} 14. Qe2 Be7 15. fxe4 dxe4 16. Qc4 Nd5 17. Ngxe4 O-O 18. Bg5 $16
{with advantage for White} (18. Bd2 $5)) 14... dxe4 (14... Bxe4 15. Ngxe4 dxe4
16. Be3 Be7 17. Nxe4 O-O $16) 15. Qb3 g6 (15... Qxd4+ 16. Kh1 $18) 16. Re1 Qe7
$140 17. g4 h6 $8 18. gxf5 hxg5 19. fxg6 $16 {White retains a huge advantage.})
14. fxe4 h6 ({Or} 14... dxe4 15. Be3 $16 {winning the e4-pawn.}) 15. Ne6 Qd7
16. Nf4 (16. Nxf8 Rxf8 17. Bf4 $16 {was also possible, but I already had
another idea in my head.}) 16... Bh7 ({After} 16... Bxe4 17. Nxe4 dxe4 18. Qc4
$16 {White's attack is very dangerous.}) 17. Qe2 (17. Qd1 $5 dxe4 18. Nh5 Nd5
19. Qe2 $16 {was also worth considering, but I liked the text more, since it
is much more direct and energetic.}) 17... dxe4 (17... Nxe4 {loses after} 18.
Nxe4 dxe4 19. Qh5+ $18 {with attack.}) 18. Nh5 $1 {White temporarily
sacrifices a pawn, spoiling the black pawn structure on the kingside.} Qxd4+ $8
{There is nothing else.} 19. Be3 Qe5 20. Nxf6+ gxf6 21. Qa6 ({I liked this
move more than} 21. Rad1 $5 $16) 21... Bf5 ({After} 21... Rc7 22. Bf4 (22. Kh1
$5) 22... Qc5+ 23. Kh1 Re7 24. Rad1 $18 {White has a winning attack.}) 22. Rf2
({Both} 22. Kh1 $5) ({and} 22. Rf4 $5 {are also possible, but I liked the text
more.}) 22... Be7 23. Raf1 Be6 24. Qxa7 Rd8 ({After} 24... Bc4 25. Re1 $16 {
White will win the pawn on e4.}) 25. Qa4 {The time has come to pick up the
material. White wins at least 1 pawn, but nevertheless his task is far from
easy. Black has a pair of bishops and as the further course of the game shows,
sometimes can create counterplay.} Rd3 $1 ({This move was underestimated by me.
I was looking mostly at} 25... f5 26. Qxc6+ Kf7 27. Qxe4 $18 {winning}) ({or} 
25... O-O 26. Bf4 (26. Bxh6 $18) (26. Qxc6 f5 27. Bxh6 $16) 26... Qd4 27. Qxc6
$18) 26. Qxc6+ ({White has so many possibilities to choose from. And as it
often happens the biggest problem in life is the problem of choice. Other
possibilities are} 26. Qa8+ Bd8 27. Bf4 Qd4 28. Qxc6+ Bd7 29. Qxe4+ Qxe4 30.
Nxe4 Bb6 31. Nxf6+ Ke7 $16) ({and} 26. Bf4 Qd4 27. Qxc6+ Kf7 {leading the game
to the same position as 26.Qc6}) 26... Kf7 27. Bf4 Qd4 28. Qxe4 $6 ({But this
move is a serious mistake, unnecessarily complicating the matters. After the
correct} 28. Nxe4 $142 $1 Rd1 (28... Qd5 29. Qxd5 Bxd5 30. Nxf6 $1 {(this move
was missed by me during the calculations of the 28th move)} Kxf6 31. Re2 $18) (
28... Bd5 $6 29. Nd6+ $18) 29. Nd2 Rxf1+ 30. Nxf1 Bxa2 31. Ne3 $18 {White
should win without much problem.}) 28... Bc5 $1 29. Qe2 Qc4 $8 {The only move.}
30. Be5 $6 ({But this move is going too far in a wrong direction. After} 30.
Kh1 Bxf2 31. Qxf2 $16 {White keeps a huge advantage: 2 pawns for a exchange +
the weakened position of the black king.}) 30... Bg4 (30... Bf5 31. Kh1 Bxf2
32. Qxf2 Qe6 33. Bg3 $16 {favours White much more than the text.}) 31. Qc2 ({
After} 31. Qe1 Qe6 (31... Re3 32. Rxf6+ Ke8 33. Kh1 Rxe1 34. Rxe1 Kd7 35. Rf4
Qe6 36. Rxg4 Qxg4 37. Bxh8 $16 {is bad for Black.}) 32. Bf4 Qxe1 33. Rxe1 Bxf2+
34. Kxf2 Be6 $14 {it is not clear how White is going to win the ending. It is,
probably, a draw.}) 31... Re8 $6 ({It is not so easy to find the move} 31...
Rd1 $142 $5 {at the board, especially at the later stage of the game, when
there is not much time left until the 40th move, but after it Black could have
saved the game. For example,} 32. Rxd1 Bxd1 33. Qd2 (33. Qxd1 Bxf2+ 34. Kxf2
fxe5 $14) 33... Bf3 34. Bg3 Bc6 $14) (31... Bd1 32. Qb1 Bf3 33. Bg3 Bd5 34. Kh1
Bxf2 35. Rxf2 $16 {is worse for Black.}) 32. Bxf6 $6 ({All the following moves
were played in the mutual time-trouble. 30 seconds added to each player after
the move is not enough to see everything in this very sharp position. Only
Fritz can see all the hidden possibilites and resources here.} 32. b3 $142 {
was better. After} Qa6 33. Ne4 Bxf2+ 34. Nxf2 Bf5 35. Bf4 $16 {White keeps
winning chances.}) 32... Bf5 33. Kh1 Rf3 (33... Bxf2 {loses after} 34. Qxf2 $18
) 34. Rxf3 (34. Qb3 Qxb3 35. Rxf3 Qc2 36. Bh4 Kg6 37. Rxf5 Qxf5 38. Rxf5 Kxf5
$14 {is enough only for a draw}) ({But} 34. Qxf5 $4 {even loses after} Qxf1+
35. Rxf1 Rxf5 $19) 34... Bxc2 35. b3 Qb4 $2 ({After the correct} 35... Qxf1+
36. Rxf1 Bd3 {(probably, missed by my opponent)} 37. Bd4+ Bxf1 38. Bxc5 Re1 $14
{Black could make a draw without many difficulties. Black's rook and bishop
are too active.}) 36. Nd5 Qb7 $8 {The only move.} 37. Bc3+ $6 ({Playing this
move I thought that the resulting ending: 2R+B+3P against Q+2B should be
winning for White (because of the attacking possibilities) and didn't search
for other possibilities. But} 37. Bd4+ Ke6 38. Nf4+ Kd6 39. Bxc5+ Kxc5 40. Rc3+
Kb4 41. Rxc2 $16 {with a huge advantage for White was better.}) 37... Ke6 38.
Re1+ Kxd5 39. Rxe8 $14 {This is what I was aiming for. The king on d5 is
exposed and can become an easy victim. Clearly, it is much easier for White to
play here than for Black.} Bd6 (39... Qc7 $5 {deserves attention}) 40. Re2 (40.
Rf2 $5 {was interesting, but I didn't want to keep my rooks separated from
each other.}) 40... Be4 {As it often happens serious mistakes are made also
after the time-control.} 41. Rf6 $6 ({After the correct} 41. Rd2+ Kc5 42. Rf6
Bc7 $14 {Black doesn't lose by force, but with such an exposed position of his
king, White keeps large winning chances.}) 41... Bb4 $1 ({This move had been
completely overlooked by me.} 41... Kc5 42. Rd2 Bc7 $14 {is worse.}) 42. Rd2+
Kc5 43. Bd4+ Kd5 $8 ({The only move.} 43... Kb5 44. a4+ Ka5 45. Bb6+ Ka6 46.
Be3+ $16 {is bad for Black}) 44. Rd1 (44. Bc3+ Kc5 $11 {is only a draw.}) 44...
Bc2 45. Rc1 Qh7 $6 ({I don't know what was going on in the head of my opponent
at that moment, but without any thought he would have had to exchange the
bishops by} 45... Kxd4 46. Rxc2 Qh7 47. Rc1 Ba3 $11 {when he should draw
without many problems.}) 46. Be3 h5 $6 ({Sometimes other things are much more
important (here the activity of the Black pieces) than the material. And here
Black had to play actively by} 46... Qe4) ({or} 46... Qd3 {. The text move
allows White to re-group his piece and start an attack on the Black king.}) 47.
Rf2 $1 {Now White is back on track and is playing for a win.} Bd3 $6 (47... Be4
48. Rd1+ $36) (47... Qe4 $142 {was better than the text.}) 48. Rf4 Ba3 49. Rd4+
Ke5 50. Re1 Kf6 $2 ({The decisive mistake.} 50... Bb5 $8 $14 {was the only
move here.}) 51. Rd5 $3 $18 {After this move White wins.} Be4 ({Or} 51... Qg6
52. Rd1 Be4 (52... Bf5 53. Rf1 $18) 53. Rd6+ Bxd6 54. Rxd6+ $18 {winning.}) (
51... Bf5 52. Rf1 $18) 52. Bd4+ Kf7 53. Rd7+ Be7 54. Bc5 Bxg2+ 55. Kg1 Qg8 $6 (
55... Qc2 $142 56. Rdxe7+ $18 {was better for Black, but still losing.}) 56.
Rdxe7+ ({Or} 56. Rexe7+ Kf6 57. Rg7 $18) 56... Kf6 ({After} 56... Kg6 {White
wins by} 57. Bd4 $1 $18) 57. Bd4+ Kf5 58. R1e5+ Kf4 59. Be3+ Kf3 60. Rf5+ Ke2
61. Rf2+ Kd3 62. Rxg2 Qc8 63. Bf2 Qc1+ 64. Re1 1-0

[Event "Saint Vincent op"]
[Site "Saint Vincent"]
[Date "1998.??.??"]
[Round "5"]
[White "Mrdja, Milan"]
[Black "Tiviakov, Sergei"]
[Result "0-1"]
[WhiteElo "2380"]
[BlackElo "2640"]
[Annotator "Tiviakov,S"]
[PlyCount "86"]
[EventDate "1998.06.??"]
[EventType "swiss"]
[EventRounds "9"]
[EventCountry "ITA"]
[SourceTitle "CBM 065"]
[Source "ChessBase"]
[SourceDate "1998.08.06"]
[SourceVersion "1"]
[SourceVersionDate "1998.08.06"]
[SourceQuality "1"]

1. e4 c5 2. Nf3 Nc6 3. Bb5 d6 4. O-O Bg4 {[This move is not the common guest
in the tournament practice. 4...Bd7 is stronger and much more safe, than the
text. But 4...Bg4 has an advantage, since White does not always know the
variation very well, allowing Black to solve his opening problems easily in
most of the games.]} 5. h3 Bh5 6. Re1 {[This move is not necessary. Direct} (6.
c3 a6 7. Bxc6+ bxc6 8. d4 cxd4 9. cxd4 {gives White an edge due to the
possibilities of the development of the initiative, exploiting the weakness of
the pawn c6.}) 6... e6 7. c3 Qb6 $5 $146 (7... a6 {is stronger, than the text,
allowing Black to solve all his problems.} 8. Bxc6+ bxc6 9. d4 cxd4 10. cxd4
Nf6 (10... Be7 11. Qa4 Qd7 12. Nbd2 Nf6 13. b3 O-O 14. Ba3 Rfc8 15. Rac1 {
with slight advantage for White in Wenzel,J-Haist,Wolfgang/Germany 1991.}) 11.
Nc3 (11. g4 Bg6 12. d5 $5 {which took place in Kuzmin,Alexey-Tsarev,V/Moscow 
(Russia) 1988, needs further analysis and practical tests.}) (11. Bf4 Be7 12.
Nbd2 O-O 13. Rc1 Qd7 14. Nc4 Rad8 15. e5 Nd5 {with equal chances in Szmetan,
Jorge-Tarjan,James E/Nice (France) 1974.}) 11... Be7 12. Qa4 (12. b3 $2 d5 $1
13. e5 Nd7 14. Na4 O-O 15. Re3 f6 16. exf6 Rxf6 {with advantage for Black in
Andersson,Ulf-Larsen,Bent/Hastings (England) 1972 - see 'Chess Informant' #15/
391.}) 12... Qd7 13. e5 Nd5 14. exd6 Bxd6 15. Ne5 Bxe5 16. dxe5 O-O $11 {
with equal chances.}) 8. Na3 Nf6 {[The inclusion of the moves ...a6 and .Ba4
is in White's favour, since Black later has to castle to the queen's side 
(after the correct 9.d4).} (8... a6 $6 9. Ba4 Nf6 10. d4 $1 (10. e5 $6 Nd7 11.
Nc4 Qc7 12. Nxd6+ Bxd6 13. exd6 Qxd6 $11 14. d4 cxd4 15. Bxc6 Qxc6 16. Nxd4
Bxd1 17. Nxc6 Bh5 18. Ne5 Nxe5 19. Rxe5 Bg6 20. Be3 Rd8 21. Kf1 O-O 22. Ke1 {
1/2-1/2 Ardeleanu,Alin-Zagorskis,Darius/Berlin (Germany) (7) 1997}) 10... O-O-O
11. dxc5 $14) 9. d3 $6 {[White is clearly playing for a draw, while he should
have played actively. After} (9. d4 O-O-O 10. dxc5 (10. d5 $6 Ne5 11. g4 Bg6 {
is not good for White.}) 10... dxc5 11. Qe2 $14 {White is better.}) 9... Be7
10. Ba4 Nd7 11. Nc4 Qc7 12. Bf4 O-O $11 {[The position is equal.]} 13. Rc1 a6 (
13... Nce5 {and}) (13... Nde5 {both deserved serious attention.}) 14. Bxc6 Qxc6
15. d4 $6 (15. Nd4 cxd4 16. Qxh5 $11 {with equal chances was necessary. After
the text it is Black, who has the upper hand.}) 15... b5 $1 16. d5 Qc7 17. Ne3
{[Having played his 15th move, my opponent has, probably, haven't seen that he
can't play} (17. dxe6 $2 {because of} fxe6 18. Bxd6 Bxd6 19. Qxd6 Qxd6 20. Nxd6
Bxf3 21. gxf3 Ne5 {with advantage for Black.}) 17... c4 (17... Nb6 $5 {
deserved serious attention, as well. But during the game I was very attracted
by the idea to transfer the knight d7 to d3 via the suqre c5.}) 18. g4 $1 {
[M.Mrdja finds the best moves, consolidating his position.]} Bg6 19. Nf5 $1
exf5 20. exf5 Nc5 21. fxg6 hxg6 22. Re3 {[The only move.]} Nd3 23. Rxd3 cxd3
24. Qxd3 {[White has the compensation for the exchange, which must be enough
for a draw. Now he is going to transfer the knight to c6 via d4.]} Bf6 $1 {
[Black makes White to play g4-g5, thus, weakening the position of the White
king.]} 25. g5 Bd8 {[The best place for the Black bishop is on the diagonal
a7-g1.]} 26. Nd4 Re8 {[I am not sure, this is the correct decision.} (26... Qd7
27. Nc6 Bb6 {, planning to create the attack on the White king, by means of
opening of the 'f' file, playing f7-f6, was interesting.}) 27. Nc6 Qd7 28. Kg2
Bb6 {[White doesn't do anything to improve his position, thinking Black is not
able to make any further progress. I would have played 29.Bg3, followed by 30.
a3 and 31.b4.]} 29. Rd1 $6 Bc5 30. Bg3 a5 $1 {[Using the fact, that White is
not able to win the pawn b5, Black secures the position of his bishop c5,
where it is perfectly placed defending the pawn d6 and keeping the eye on the
pawn f2.]} 31. a3 (31. Qxb5 Rab8 {, followed by 32...Rb2, is bad for White.})
31... a4 32. Rd2 $4 {[The decisive mistake, after which White is not able to
save the position. After the correct} (32. Qf3 {Black still needs to work very
hard in order to prove that his advantage is real.}) 32... Re1 {[Followed by ..
.Rae8, Black is ready to develop the attack on the exposured position of the
White king.]} 33. Qxb5 Qf5 34. Qc4 {[There was a threat of 34...Qe4.} (34. Qd3
Qxd3 35. Rxd3 Re2 {is also hopeless for White.}) 34... Rae8 $1 (34... Qxg5 {
is also possible: e.g.} 35. Qf4 Qxf4 36. Bxf4 {with advantage for Black. But
the text is stronger.}) 35. Qxa4 R8e2 $1 {[Winning by force.]} 36. Rxe2 Rxe2
37. Qf4 {[White is not able to defend everyting in his position.]} Qxd5+ 38.
Qf3 Qxf3+ 39. Kxf3 Rxb2 {[The rest is easy and doesn't require any comment.]}
40. Ke4 Bxa3 41. Ne7+ Kf8 42. Nc8 Rd2 43. Nb6 Bc5 0-1